Word Ladder: Don't You Come Back Quiz Stats

 Plays Quiz Updated Aug 29, 2012

Support Sporcle.
Go Orange.
Score 0/16 Timer 02:00
0 Plays Today
Word % Correct
★HIT★
95.8%
TOAD
94.6%
TIE
94.5%
POT
92.5%
★ROAD★
91.5%
PAT
91.5%
PIE
90.7%
★JACK★
90.5%
Word % Correct
HAT
89.2%
TOLD
88.9%
POE
87.3%
TACK
86%
TOLL
85.5%
TALL
80.2%
TALK
75.5%
★THE★
74%

Today's Daily Dose

Word Ladder
ING Words

Get the Picture
Nearest Volcano

From the Vault

'Jurassic Park' Start to Finish

by Thebiguglyalien

Movies 4m
Dinosaurs are cool and all, but we're not sure Jurassic Park is worth the risk.
Remove Ads.
Support Sporcle.
Get the best of Sporcle when you Go Orange. This ad-free experience offers more features, more stats, and more fun while also helping to support Sporcle. Thank you for becoming a member.

Show Comments

Extras

Top Quizzes Today


Score Distribution

Your Account Isn't Verified!

In order to create a playlist on Sporcle, you need to verify the email address you used during registration. Go to your Sporcle Settings to finish the process.

Report this User

Report this user for behavior that violates our Community Guidelines.

Details: